• 首页
  • 本馆介绍
  • 公告通知
  • 最新文献
  • 馆藏检索
  • 电子资源
  • 读者导购
  • 参考咨询
  • 我的图书馆
  • 登录
  • 详细信息显示
  • 放入我的书架
  • 预约/预借图书
  • 作者相关作品
  • 分类相关作品
  • 丛书相关作品
  • 出版社相关作品

书目信息

  • 表格格式
  • 工作单格式
  • 卡片格式
题名:
知识产权维权获赔技能提升案例指引集
    
 
作者: 贺化 主编
分册:  
出版信息: 北京   知识产权出版社  2016
页数: 387页
开本: 23cm
丛书名:
单 册:
中图分类: D923.405
科图分类:
主题词: 知识产权保护--案例--中国
电子资源:
ISBN: 978-7-5130-4027-3
000 00775nam0 2200241 450
001 351518
005 20161017103203.25
010    @a978-7-5130-4027-3@dCNY78.00
100    @a20160516d2016 em y0chiy50 ea
101 0  @achi
102    @aCN@b110000
105    @ay z 000yy
106    @ar
200 1  @a知识产权维权获赔技能提升案例指引集@f国家知识产权局保护协调司组织编写
210    @a北京@c知识产权出版社@d2016
215    @a387页@d23cm
314    @a主编:贺化
330    @a本书精选典型知识产权侵权赔偿案例,重点从证据收集、赔偿数额确定等方面进行深入评析,为提高权利人维权诉讼获赔能力提供指导。
606 0  @a知识产权保护@x案例@y中国
690    @aD923.405@v5
701  0 @a贺化@f(1970~)@4主编
801  0 @aCN@bTANGWEI@c20160820
905    @b0895080-4@dD923.405@e1454@f5
    
    知识产权维权获赔技能提升案例指引集/国家知识产权局保护协调司组织编写.-北京:知识产权出版社,2016
    387页;23cm
    
    
    ISBN 978-7-5130-4027-3:CNY78.00
    本书精选典型知识产权侵权赔偿案例,重点从证据收集、赔偿数额确定等方面进行深入评析,为提高权利人维权诉讼获赔能力提供指导。
●
相关链接 在E读中查询图书 在五车中查询图书 在当当中查询图书 在豆瓣中查询图书


正题名:知识产权维权获赔技能提升案例指引集     索取号:D923.405/1454         预约/预借

序号 登录号 条形码 馆藏地/架位号 状态 备注
1 0895080   208950802   第一样本阅览室/ [索取号:D923.405/1454] 在馆    
2 0895081   208950811   第一借阅区/ [索取号:D923.405/1454] 在馆    
3 0895082   208950820   第一借阅区/ [索取号:D923.405/1454] 在馆    
4 0895083   208950839   第一借阅区/ [索取号:D923.405/1454] 在馆    
5 0895084   208950848   史法系资料室/ [索取号:D923.405/1454] 在馆    
唐山师范学院图书馆 欢迎您!
大连网信软件有限公司© 版权所有